Score 0/20 Timer 02:00
6 Plays Today
Movie Missing Word % Correct
Jurassic ____ IIIPark
98.6%
The Fast and the _______Furious
96.7%
______ of the ApesPlanet
96.3%
________, Inc.Monsters
95.8%
Lara Croft: Tomb ______Raider
94.4%
__. Dolittle 2Dr
94.4%
Rush ____ 2Hour
93%
______ ElevenOcean's
92.3%
Harry Potter and the Sorcerer's _____Stone
92.3%
____ & DogsCats
92.2%
Movie Missing Word % Correct
Moulin _____!Rouge
90.2%
_____ HarborPearl
90.1%
_______ Jones's DiaryBridget
88.6%
American ___ 2Pie
86.5%
A.I. __________ IntelligenceArtificial
84.8%
The Mummy _______Returns
83.5%
A Beautiful ____Mind
82%
The Lord of the Rings: The __________ of the RingFellowship
74.4%
_______ SkyVanilla
65.1%
Atlantis: The Lost ______Empire
37%

Today's Daily Dose

Remove Ads.
Support Sporcle.
Get the best of Sporcle when you Go Orange. This ad-free experience offers more features, more stats, and more fun while also helping to support Sporcle. Thank you for becoming a member.

You're not logged in!

Compare scores with friends on all Sporcle quizzes.
OR
Log In

Show Comments

Extras

Top Quizzes Today


Score Distribution

Your Account Isn't Verified!

In order to create a playlist on Sporcle, you need to verify the email address you used during registration. Go to your Sporcle Settings to finish the process.

Report this User

Report this user for behavior that violates our Community Guidelines.

Details: